000 005700000a22002050004500
003 LK-CoMWRAF
005 20231018105706.0
008 230817t ||||| |||| 00| 0 eng d
020 _a8171676197
040 _aLK-CoMWRAF
_dLK-CoMWRAF
_eLK-CoMWRAF
041 _aeng
082 _a891.44
_bTAG
100 _aTagor, Rabindranath
245 _aLater poems of Rabindranath Tagore
260 _aNew Delhi :
_bRupa & Company,
_c2002
300 _a142p. ; 23cm.
650 _aPoetry in Bengali 1895-1920--English texts
700 _aBose, Aurobindo
_etrans.
942 _cBK
999 _c2108
_d2108